| 000 | 00511nam a22001817a 4500 | ||
|---|---|---|---|
| 003 | OSt | ||
| 005 | 20250708060848.0 | ||
| 008 | 250708b |||||||| |||| 00| 0 eng d | ||
| 020 | _a0809429047 | ||
| 040 |
_aDWCL - Main lib _cOC |
||
| 082 | _aCirc. 641.4 P928 1981 | ||
| 245 | _aPreserving/ | ||
| 260 |
_a Virginia : _bTime-Life Books, _c c1981. |
||
| 300 |
_a176 pages : _b illustrations (color) ; _c28 cm. |
||
| 504 | _aIncludes index. | ||
| 650 | _a1. Food--Preservation. | ||
| 942 |
_2ddc _cBK-CIRC _kCirc. _n0 |
||
| 999 |
_c3460 _d3460 |
||